| 000 | 00469nam a2200169Ia 4500 | ||
|---|---|---|---|
| 999 |
_c5927 _d5927 |
||
| 020 | _a81-8069-359-7 | ||
| 082 | _a951.05 VYA-E | ||
| 100 | _aVyas, Bhaskar | ||
| 245 | 0 | _aExperiments with truth and non-violence | |
| 260 |
_aNew Delhi _bConcept Publishing _c2007 |
||
| 300 | _axii, 212 | ||
| 504 | _aincludes index | ||
| 650 |
_aBatan-'dzin-rgya-mtsho, Dalai Lama XIV, 1935- _vExile |
||
| 650 |
_aTibet (China) _vHistory _z1951- |
||
| 700 | _aVyas, Rajni | ||
| 942 | _cBK | ||